000 00417 a2200169 4500
001 188824
020 _a978-85-7666-986-9
040 _cMagnum
100 _aDe Giovanni, Fernando
240 1 0 _aAtlas básico de literatura
_lpor
245 1 0 _aAtlas básico de literatura
300 _a96
362 0 _a2007
440 1 _aEscala Educacional
697 _aLÍNGUA, TEORIA DA LITERATURA E GRAMÁTICA
942 _cBK
999 _c188824
_d188824